Т. 4 : Ионные кристаллы; Радиационная физика

Detalhes bibliográficos
Parent link:Радиационная физика: сборник статей/ Академия наук Латвийской ССР (АН ЛатССР), Институт физики (ИФ). Т. 4 : Ионные кристаллы.— , 1964
Outros Autores: Люшина А. Ф. (редактор)
Idioma:russo
Publicado em: 1966
Assuntos:
Formato: MixedMaterials Livro
KOHA link:https://koha.lib.tpu.ru/cgi-bin/koha/opac-detail.pl?biblionumber=344705

MARC

LEADER 00000nam2a2200000 4500
001 344705
005 20231102005707.0
035 |a (RuTPU)RU\TPU\book\376424 
035 |a RU\TPU\book\357916 
035 |a RU\TPU\book\376422 
090 |a 344705 
100 |a 20170515d1966 k y0rusy50 ca 
101 0 |a rus 
102 |a LV 
105 |a a z 001zy 
200 0 |a Т. 4 : Ионные кристаллы  |f отв. ред. А. Ф. Люшина 
210 |d 1966 
215 |a 133 с.  |c ил. 
320 |a Библиография в конце статей 
461 1 |0 (RuTPU)RU\TPU\book\20208  |t Радиационная физика  |o сборник статей  |f Академия наук Латвийской ССР (АН ЛатССР), Институт физики (ИФ)  |v Т. 4 : Ионные кристаллы  |d 1964 
606 1 |a Кристаллы  |x Действие ионизирующих излучений  |2 stltpush  |3 (RuTPU)RU\TPU\subj\66375  |9 82538 
610 1 |a радиационные дефекты 
610 1 |a примесные центры 
610 1 |a микроструктуры 
610 1 |a радиолюминесценция 
610 1 |a фотолюминесценция 
610 1 |a оптические методы 
610 1 |a электронный парамагнитный резонанс 
610 1 |a электронная эмиссия 
610 1 |a рентгеновские лучи 
610 1 |a гамма-лучи 
610 1 |a реакторы 
610 1 |a люминесцирующие кристаллы 
610 1 |a алмазы 
610 1 |a оптические свойства 
675 |a 548.0:539  |v 4 
702 1 |a Люшина  |b А. Ф.  |4 340 
801 1 |a RU  |b 63413507  |c 20200327 
801 2 |a RU  |b 63413507  |c 20210519  |g RCR 
942 |c BK